Generovanie náhodných reťazcov v bezkontextovej gramatike

Saved in:
Bibliographic Details
Main Author: Reviľáková, Alexandra (Author)
Other Authors: Hromada, Viliam (Thesis advisor)
Format: Manuscript Book
Language:Slovak
Published: Bratislava : STU v Bratislave FEI, 2023
Subjects:
Online Access:https://opac.crzp.sk/?fn=detailBiblioFormChildEVF3S&sid=925BFB95FAA30F229C9AC7019F0C&seo=CRZP-detail-kniha
Tags: Add Tag
No Tags, Be the first to tag this record!

MARC

LEADER 00000ntm a22000003a 4500
001 stuzp92975
003 SK-STU
005 20241113140745.9
007 ta
008 150427s2015----xo-----f-mn---000-0-slo-d
040 |a STU  |b slo 
041 0 |a slo 
044 |a xo 
100 1 |a Reviľáková, Alexandra  |u 035000  |k Z4  |4 aut  |U FEI Fakulta elektrotechniky a informatiky  |T FEI Ústav informatiky a matematiky  |X 111428  |U E050  |Y 816  |7 111428 
242 0 1 |a Generation of random strings in context-free grammar  |y eng 
245 1 0 |a Generovanie náhodných reťazcov v bezkontextovej gramatike 
260 |a Bratislava :  |b STU v Bratislave FEI,  |c 2023 
300 |a 69 s., príl. 
650 4 |a dynamické programovanie  |2 slo 
650 4 |a bezkontextová gramatika  |2 slo 
650 4 |a náhodné generovanie reťazcov  |2 slo 
650 4 |a bezkontextový jazyk  |2 slo 
650 4 |a formálne gramatiky  |2 slo 
650 4 |a random string generation  |2 eng 
650 4 |a context-free language  |2 eng 
650 4 |a context-free grammar  |2 eng 
650 4 |a formal grammars  |2 eng 
650 4 |a dynamic programming  |2 eng 
700 1 |a Hromada, Viliam  |u 035000  |k Z1  |4 ths  |U FEI Fakulta elektrotechniky a informatiky  |T FEI Ústav informatiky a matematiky  |X 36029  |U E050  |Y 816  |7 A000036029 
856 4 |u https://opac.crzp.sk/?fn=detailBiblioFormChildEVF3S&sid=925BFB95FAA30F229C9AC7019F0C&seo=CRZP-detail-kniha